000
00339nam a2200133Ia 4500
003
PILC
008
220421s2001 xx 000 0 und d
040
_c
EARIST LIBRARY
100
_a
Dory J. De Guzman
_9
395
245
0
_a
English for Secondary School /
260
_b
FNB Educational & corp. :
_c
2001.
999
_c
1710
_d
1710
942
_2
ddc
_c
BK